National Flags Depicting the Sun - Statistics

General Stats
  • This quiz has been taken 22 times
  • The average score is 15 of 20
Answer Stats
Picture Answer % Correct
Bangladesh
100%
Argentina
95%
Antigua and Barbuda
90%
Japan
90%
Kazakhstan
90%
Kyrgyzstan
90%
Macedonia
90%
Mongolia
90%
Tunisia
90%
Niger
85%
Uruguay
85%
Kiribati
80%
Malawi
80%
Philippines
80%
Taiwan
70%
Namibia
60%
Rwanda
50%
Nepal
45%
Ecuador
35%
Costa Rica
30%
No matching quizzes found
Score Distribution
Percent of People with Each Score
Percentile by Number Answered
Your Score History
You have not taken this quiz